American Presidents - Sudden Death (Hard) - Statistics

General Stats
  • This quiz has been taken 937 times
  • The average score is 28 of 40
Answers on the Grid
Answers color-coded by a green-red scale on the quiz's grid according to % correct below.
Adams
Albany
Alexander
Allegheny
Allen
Arthur
Auglaize
Bedford
Biden
Boone
Buchanan
Bush
Carter
Clark
Cleveland
Clinton
Cooke
Coolidge
Dallas
Dover
Edwards
Eisenhower
Fillmore
Ford
Franklin
Garfield
Garrett
Grant
Greene
Hale
Hamilton
Hancock
Harding
Harrison
Hayes
Hoover
Hughes
Jackson
Jefferson
Johnson
Jones
Kennedy
Kent
King
Lancaster
Lewis
Lincoln
Madison
Martin
McKinley
McPherson
Mercer
Monroe
Montgomery
Nicholas
Nixon
Obama
Orleans
Pence
Pierce
Pike
Polk
Prallis
Preston
Reagan
Rockefeller
Roosevelt
Ryans
Screven
Smith
Suffolk
Taft
Taylor
Thomas
Toledo
Trenton
Truman
Trump
Tyler
Van Buren
Vance
Vincent
Walter
Washington
Wayne
Wexford
Wilmington
Wilson
Woodson
Woodstop
 
Answer Stats
Answer % Correct
Bush
79%
Clinton
77%
Kennedy
76%
Trump
76%
Washington
76%
Lincoln
75%
Nixon
75%
Obama
75%
Biden
74%
Jefferson
74%
Reagan
74%
Roosevelt
74%
Truman
74%
Eisenhower
73%
Hoover
73%
Carter
72%
Ford
72%
Johnson
72%
Adams
71%
Monroe
70%
Garfield
69%
Jackson
69%
McKinley
69%
Taft
69%
Cleveland
68%
Coolidge
68%
Grant
67%
Madison
67%
Wilson
67%
Polk
66%
Van Buren
66%
Harrison
65%
Harding
64%
Tyler
64%
Buchanan
63%
Taylor
63%
Hayes
61%
Fillmore
60%
Pierce
60%
Arthur
59%
No matching quizzes found
Score Distribution
Percent of People with Each Score
Percentile by Number Answered
Your Score History
You have not taken this quiz